| 000 | 01004cam a2200301 a 4500 | ||
|---|---|---|---|
| 001 | 3210 | ||
| 005 | 20240219154110.0 | ||
| 020 | _a9780545604260 | ||
| 040 |
_aDLC _cDLC _dDLC _beng |
||
| 050 | 0 | 0 |
_aPZ7.R83116 _b 2012 |
| 082 | 0 | 0 | _a813.6 |
| 100 | 1 |
_aRubin, Adam _d1983- |
|
| 245 | 1 | 0 |
_aDragons love tacos / _cby Rubin, Adam ; illustrated by Salmieri, Daniel |
| 250 | _aFirst Scholastic printing, September 2013 | ||
| 260 |
_aNew York : _bScholastic, _c2012 |
||
| 300 |
_a32 unnumbered pages : _bcolor illustrations ; _c24 cm . |
||
| 505 | _aK | ||
| 520 | _aExplores the love dragons have for tacos, and the dangers of feeding them them anything with spicy salsa. | ||
| 521 |
_a520
_bLexile |
||
| 521 |
_aK
_bRaz-Plus |
||
| 650 | 1 |
_aDragons _vFiction |
|
| 650 | 1 |
_aTacos _vFiction |
|
| 650 | 1 |
_aFood habits _vFiction |
|
| 650 | 1 | _aHumorous stories | |
| 700 | 1 |
_aSalmieri, Daniel _d1983- _eillustrator |
|
| 906 |
_a7 _bcbc _corignew _d1 _eecip _f20 _gy-gencatlg |
||
| 942 |
_2ddc _cBK _n0 |
||
| 999 |
_c3210 _d3210 |
||